header

BIM and integrated design (Record no. 232343)

MARC details
000 -LEADER
fixed length control field 02078nam a2200397 a 4500
082 04 - DEWEY DECIMAL CLASSIFICATION NUMBER
Classification number 720.285
100 1# - MAIN ENTRY--AUTHOR NAME
Personal name Deutsch, Randy.
245 10 - TITLE STATEMENT
Title BIM and integrated design
250 ## - EDITION STATEMENT
Edition statement 1st ed.
260 ## - PUBLICATION, DISTRIBUTION, ETC. (IMPRINT)
Place of publication Hoboken, N.J. :
Name of publisher Wiley,
Year of publication 2011.
300 ## - PHYSICAL DESCRIPTION
Number of Pages xxii, 241 p.
505 0# - FORMATTED CONTENTS NOTE
Formatted contents note pt. 1. BIM as though people mattered -- pt. 2. Leading integrated design -- pt. 3. Leading and learning.
520 ## - SUMMARY, ETC.
Summary, etc "Building Information Modeling (BIM) software combines 3-D elements and information in all aspects of the design of a building.While many books are published on BIM related to technology and computer programs, this one focuses on the practice-related information needs of architects, showing them how BIM and integrated practice can transform their practices. It features: Methods for addressing the obstacles and challenges to implementing BIM How to implement it in an efficient and effective manner How to use BIM as a tool to transform the role of architects "--
650 #0 - SUBJECT ADDED ENTRY--TOPICAL TERM
Topical Term Architectural practice.
Topical Term Building information modeling.
856 40 - ELECTRONIC LOCATION AND ACCESS
Uniform Resource Identifier http://site.ebrary.com/lib/rucke/Doc?id=10494667
520 ## - SUMMARY, ETC.
-- Provided by publisher.

No items available.

© 2026 Rongo University
Contact us: librarian | system librarian | Rongo university